[Event "Unterfranken-ch M1 63th"]
[Site "Schweinfurt"]
[Date "2012.04.13"]
[Round "7"]
[White "Roessner, Uwe"]
[Black "Kulagin, Alexander"]
[Result "0-1"]
[WhiteElo "1818"]
[BlackElo "2206"]
[PlyCount "74"]
[EventDate "2012.04.09"]
[EventType "swiss"]
[EventRounds "9"]
[EventCountry "GER"]
[SourceTitle "EXT 2015"]
[Source "ChessBase"]
[SourceDate "2014.11.20"]
[SourceVersion "1"]
[SourceVersionDate "2014.11.20"]
[SourceQuality "1"]

1. Nf3 Nf6 2. g3 g6 3. Bg2 Bg7 4. 0-0 0-0 5. c4 d6 6. Nc3 Nc6 7. a3 e5 8. d3 a5 9. Bg5 h6 10. Bxf6 Bxf6 11. Rb1 Bg7 12. b4 axb4 13. axb4 Re8 14. b5 Nd4 15. Nxd4 exd4 16. Nd5 Ra2 17. Re1 Bg4 18. Kf1 Bxe2+ 19. Rxe2 Rexe2 20. Qxe2 Rxe2 21. Kxe2 Qa8 22. Rd1 Qa5 23. Bf3 Kf8 24. Kf1 g5 25. Nxc7 Qxc7 26. Ra1 b6 27. Ra8+ Ke7 28. Bc6 f5 29. Rg8 Bf8 30. Rh8 Bg7 31. Rg8 Bf6 32. Bd5 h5 33. Kg2 h4 34. f4 gxf4 35. g4 Qc5 36. Ra8 Qb4 37. Ra7+ Ke8 0-1

[Event "Unterfranken-ch M1 63th"]
[Site "Schweinfurt"]
[Date "2012.04.11"]
[Round "4"]
[White "Roessner, Uwe"]
[Black "Seuffert, Gabriel"]
[Result "0-1"]
[WhiteElo "1818"]
[BlackElo "2335"]
[PlyCount "86"]
[EventDate "2012.04.09"]
[EventType "swiss"]
[EventRounds "9"]
[EventCountry "GER"]
[SourceTitle "EXT 2015"]
[Source "ChessBase"]
[SourceDate "2014.11.20"]
[SourceVersion "1"]
[SourceVersionDate "2014.11.20"]
[SourceQuality "1"]

1. Nf3 d5 2. g3 c5 3. c4 d4 4. Bg2 Nc6 5. 0-0 Nf6 6. d3 g6 7. Nbd2 Bg7 8. a3 a5 9. b3 0-0 10. Rb1 Bf5 11. Nh4 Bg4 12. Ne4 Nxe4 13. Bxe4 Qd7 14. Bd2 Bh3 15. Bg2 Bxg2 16. Kxg2 Ne5 17. b4 axb4 18. axb4 b6 19. bxc5 Qc6+ 20. Kg1 bxc5 21. Rb5 Ra2 22. Nf3 Nxf3+ 23. exf3 Rfa8 24. Qe2 Bh6 25. f4 e5 26. Rfb1 Re8 27. R5b2 Rxb2 28. Rxb2 exf4 29. Qf1 Qf3 30. Qb1 Re7 31. Be1 fxg3 32. hxg3 Re5 33. Rb8+ Bf8 34. Rxf8+ Kxf8 35. Qb8+ Re8 36. Qd6+ Kg8 37. Ba5 Re2 38. Qb8+ Kg7 39. Qf4 Qxf4 40. gxf4 Re6 41. Kg2 Kf6 42. Kf3 Kf5 43. Bc7 Ra6 0-1

[Event "Arco op 33rd"]
[Site "Arco"]
[Date "2011.10.30"]
[Round "9"]
[White "Cordioli, Luca"]
[Black "Roessner, Uwe"]
[Result "1/2-1/2"]
[WhiteElo "1658"]
[BlackElo "1909"]
[PlyCount "55"]
[EventDate "2011.10.22"]
[EventType "swiss"]
[EventRounds "9"]
[EventCountry "ITA"]
[SourceTitle "EXT 2012"]
[Source "ChessBase"]
[SourceDate "2011.11.24"]
[SourceVersion "1"]
[SourceVersionDate "2011.11.24"]
[SourceQuality "1"]

1. e4 d6 2. d4 Nf6 3. Nc3 e5 4. dxe5 dxe5 5. Qxd8+ Kxd8 6. Bg5 Be6 7. 0-0-0+ Kc8 8. Nf3 Nbd7 9. Bd3 Ng4 10. Bh4 Bc5 11. Rhf1 f6 12. h3 Nh6 13. g4 c6 14. Nd2 b5 15. a3 a5 16. Ncb1 Nf7 17. f3 Kc7 18. Bf2 Be7 19. b3 Rhb8 20. Kb2 Nd8 21. c4 bxc4 22. Bxc4 Nc5 23. Bxe6 Ndxe6 24. Kc2 Rb7 25. Nc3 Ng5 26. Be3 Nce6 27. a4 h6 28. h4 1/2-1/2

[Event "Arco op 33rd"]
[Site "Arco"]
[Date "2011.10.27"]
[Round "6"]
[White "Roessner, Uwe"]
[Black "Webel, Jannik"]
[Result "1/2-1/2"]
[WhiteElo "1909"]
[BlackElo "1776"]
[PlyCount "87"]
[EventDate "2011.10.22"]
[EventType "swiss"]
[EventRounds "9"]
[EventCountry "ITA"]
[SourceTitle "EXT 2012"]
[Source "ChessBase"]
[SourceDate "2011.11.24"]
[SourceVersion "1"]
[SourceVersionDate "2011.11.24"]
[SourceQuality "1"]

1. Nf3 d5 2. g3 c6 3. Bg2 Bg4 4. b3 Nf6 5. Bb2 Nbd7 6. d3 e6 7. Nbd2 Bd6 8. 0-0 Qe7 9. c4 0-0 10. a3 e5 11. e4 d4 12. b4 c5 13. b5 b6 14. a4 Ne8 15. a5 Nc7 16. axb6 axb6 17. Qb3 Qd8 18. Nh4 g6 19. h3 Be6 20. Rxa8 Qxa8 21. f4 Qa5 22. Bc1 f6 23. f5 Bf7 24. fxg6 hxg6 25. Qd1 Ne6 26. Qg4 Kh7 27. Ndf3 Qa7 28. Nxg6 Bxg6 29. Qxe6 Qc7 30. Qg4 Qd8 31. Qh4+ Kg8 32. Qh6 Bh7 33. Nh4 Rf7 34. Nf5 Bxf5 35. Rxf5 Qf8 36. Qh4 Qg7 37. Bh6 Qg6 38. Bf3 Rh7 39. Rh5 Be7 40. Qg4 Qxg4 41. Bxg4 Nf8 42. Bf5 Rh8 43. Kg2 Kf7 44. Kf3 1/2-1/2

[Event "Unterfranken-ch M2 62th"]
[Site "Gerolzhofen"]
[Date "2011.04.29"]
[Round "7"]
[White "Roessner, Uwe"]
[Black "Gould, Charles"]
[Result "1-0"]
[WhiteElo "1838"]
[BlackElo "1922"]
[PlyCount "81"]
[EventDate "2011.04.25"]
[EventType "swiss"]
[EventRounds "9"]
[EventCountry "GER"]
[SourceTitle "EXT 2015"]
[Source "ChessBase"]
[SourceDate "2014.11.20"]
[SourceVersion "1"]
[SourceVersionDate "2014.11.20"]
[SourceQuality "1"]

1. Nf3 Nf6 2. g3 g6 3. Bg2 d6 4. c4 Bg7 5. Nc3 Nc6 6. 0-0 Bg4 7. Rb1 Qd7 8. Re1 Bh3 9. Bh1 h5 10. b4 h4 11. b5 Nd8 12. Qb3 hxg3 13. hxg3 e5 14. d3 Ne6 15. Be3 Ng4 16. Nd1 Rh5 17. Nd2 Nxe3 18. Nxe3 Nc5 19. Qc2 f5 20. Nb3 e4 21. Nxc5 dxc5 22. dxe4 f4 23. gxf4 Bd4 24. e5 0-0-0 25. Qe4 c6 26. bxc6 bxc6 27. Qxc6+ Qxc6 28. Bxc6 Rf8 29. Bf3 Rh7 30. Ng2 Rfh8 31. e3 Bf5 32. Nh4 Bxb1 33. Rxb1 Rxh4 34. exd4 Rxf4 35. Bb7+ Kc7 36. Bd5 Rg4+ 37. Kf1 Rxd4 38. Rb7+ Kc8 39. Rxa7 Rdh4 40. e6 Kd8 41. e7+ 1-0

[Event "Unterfranken-ch M2 62th"]
[Site "Gerolzhofen"]
[Date "2011.04.29"]
[Round "8"]
[White "Roessner, Uwe"]
[Black "Neubauer, Jaroslaus"]
[Result "1-0"]
[WhiteElo "1838"]
[BlackElo "1840"]
[PlyCount "69"]
[EventDate "2011.04.25"]
[EventType "swiss"]
[EventRounds "9"]
[EventCountry "GER"]
[SourceTitle "EXT 2015"]
[Source "ChessBase"]
[SourceDate "2014.11.20"]
[SourceVersion "1"]
[SourceVersionDate "2014.11.20"]
[SourceQuality "1"]

1. Nf3 Nf6 2. g3 b6 3. Bg2 Bb7 4. 0-0 e6 5. c4 Be7 6. Nc3 0-0 7. Rb1 c5 8. a3 Nc6 9. d3 d6 10. b4 d5 11. cxd5 Nxd5 12. Nxd5 Qxd5 13. bxc5 Bxc5 14. Bb2 Qd6 15. Qc1 Rfd8 16. Qg5 Qf8 17. Bf6 Be7 18. Bxe7 Nxe7 19. Rfc1 Rdc8 20. Rxc8 Rxc8 21. Qh4 Bxf3 22. Bxf3 Rc5 23. Qa4 Ra5 24. Qd7 g6 25. Rc1 Rc5 26. Rxc5 bxc5 27. Qxa7 Nf5 28. a4 Nd4 29. a5 Nxf3+ 30. exf3 Qd6 31. a6 Qxd3 32. Qb7 c4 33. a7 c3 34. a8Q+ Kg7 35. Qe7 1-0